000 00422nam a22001697a 4500
005 20230114112208.0
008 220209b ||||| |||| 00| 0 eng d
020 _a978-93-88293-13-6
041 _aeng
082 _a615.1
100 _aJAIN, DR. NISHANT
_97025
245 _aPHARMACOLOGICAL SCREENING METHODS
260 _aPUNE
_bNIRALI PRAKASHAN
300 _a432;p
650 _aPHARMACY
_xB.PHARMA
_97083
942 _cBK
999 _c7888
_d7886